000 01184naa a22002657a 4500
001 BR9605870
003 BR-BrBNA
005 20240918181606.0
007 ta
008 230509b bl.||||| |||| 00| 0 por d
040 _aBR-BrBNA
_bpor
_cBiblioteca Nacional de Agricultura
041 _a(Pt)
072 _aF01
090 _aF01 BR9605870
100 1 _aScalea, M.J.
111 1 _a8. Simposio sobre o Cerrado
_cBrasilia, DF (Brazil)
_d24-29 Mar 1996
245 1 _aPlantio direto em regioes do cerrado
260 3 _aPlanaltina, DF (Brasil):
_c1996.
500 _aPereira, R.C.; Nasser, L.C.B.(eds.) 8. Simposio sobre o Cerrado. Anais. Biodiversidade e producao sustentavel de alimentos e fibras nos cerrados Planaltina, DF (Brasil): 1996. p. 102-103 (BR9605870-AM)F01
650 _aPlantio Direto
650 _aCerrado
773 0 _t8. Simposio sobre o Cerrado. Anais. Biodiversidade e producao sustentavel de alimentos e fibras nos cerrados
_aPereira, R.C.; Nasser, L.C.B.(eds.). Centro de Pesquisa Agropecuaria dos Cerrados, Planaltina, DF (Brasil)
_wF01 BR9605870
_gPlanaltina, DF (Brasil), 1996. p. 102-103
909 _a202404
_bLucia
_c55
_dLucia Elande
942 _cAM
_2AGRIS
999 _c325981
_d325981